Breaking Bad Trivia - Statistics

General Stats
  • This quiz has been taken 389 times
  • The average score is 7 of 14
Answer Stats
Hint Answer % Correct
Type of cancer Walter White finds out he has Lung Cancer
92%
Food that Walter accidentally throws on his roof out of anger Pizza
79%
The creator of Breaking Bad? Hint: His name appears in every outro. Vince Gilligan
79%
Business where Walter White launders his money A1 Carwash
76%
Character that could have saved Jane from choking to death Walter White
76%
Skyler White initially thinks Jesse Pinkman does this for Walter White Deals weed
62%
What the White family is doing when Walter Jr. gets bullied for his disability Clothes shopping
60%
Name of the famous episode in which Walter takes Holly away from Skyler Ozymandias
42%
This person was blamed for the missing chemistry equipment at Walter White's high school Custodian
37%
Walter Jr.'s best friend Louis Corbett
29%
Saul Goodman's secretary Francesca Liddy
22%
Mike's granddaughter's name Kaylee Ehrmentraut
20%
Walter White passes as this person when first meeting Saul Goodman Mr. Mayhew
20%
Unusual breakfast food that Skyler prepares in the first episode of the show Turkey bacon
12%
No matching quizzes found
Score Distribution
Percent of People with Each Score
Percentile by Number Answered
Your Score History
You have not taken this quiz